Pokémon that Start with O - Statistics

General Stats
  • This quiz has been taken 3,858 times
    2,122 since last reset
  • The average score is 9 of 15
Answer Stats
Gen Answer % Correct
I Omastar
89%
I Omanyte
88%
I Onix
76%
II Octillery
72%
I Oddish
72%
VII Oricorio
62%
V Oshawott
60%
VII Oranguru
58%
VIII Obstagoon
57%
IX Ogerpon
55%
VIII Orbeetle
54%
IX Oinkologne
52%
IX Okidogi
47%
IX Orthworm
41%
VIII Overqwil
31%
No matching quizzes found
Score Distribution
Percent of People with Each Score
Percentile by Number Answered
Your Score History
You have not taken this quiz since the last reset